[Event "1. OEsterreichische Internet Schach Meisterschaft - Vorrunde 3"]
[Site "Online - Playchess.com"]
[Date ""]
[Round "1"]
[Board "1"]
[White "Fugger, Christian"]
[Black "Ragger, Markus"]
[Result "0-1"]
[WhiteElo "1807"]
[BlackElo "2679"]
[PlyCount "76"]
[EventDate "2020.04.17"]
[EventRounds "9"]
[EventCountry "AUT"]

1. d4 Nf6 2. c4 g6 3. Nc3 d5 4. Nf3 Bg7 5. Qb3 c6 6. cxd5 cxd5 7. Bf4 O-O 8. e3 Nc6
9. Bd3 a6 10. a4 Na5 11. Qc2 Nh5 12. Bg3 Nxg3 13. hxg3 Nc6 14. O-O Nb4 15. Qe2 Bg4
16. Rfd1 Rc8 17. Rac1 Nxd3 18. Qxd3 Qa5 19. b3 e6 20. Ne2 Qb4 21. Rxc8 Rxc8 22. Rc1
Rxc1+ 23. Nxc1 Bf5 24. Qd1 Bf8 25. Nh4 Bb1 26. Nf3 Qc3 27. Qd2 Qa1 28. Kh2 Bf5 29.
Nh4 Be4 30. f3 Bb1 31. Nd3 Qa2 32. Qxa2 Bxa2 33. Nc1 Bb1 34. g4 Ba3 35. Ne2 Bc2 36.
g3 Bxb3 37. f4 Bxa4 38. Nf3 Bd1  0-1

[Event "1. OEsterreichische Internet Schach Meisterschaft - Vorrunde 3"]
[Site "Online - Playchess.com"]
[Date ""]
[Round "1"]
[Board "2"]
[White "Ehs, Dominik"]
[Black "Diermair, Andreas"]
[Result "0-1"]
[WhiteElo "2070"]
[BlackElo "2465"]
[PlyCount "104"]
[EventDate "2020.04.17"]
[EventRounds "9"]
[EventCountry "AUT"]

1. e4 e5 2. Nf3 Nc6 3. Bc4 Nf6 4. d4 exd4 5. e5 d5 6. Bb5 Ne4 7. Nxd4 Bd7 8. Bxc6
bxc6 9. O-O Bc5 10. Be3 Qe7 11. f4 O-O 12. Nd2 Nd6 13. N2b3 Bb6 14. Bf2 Ne4 15. a4
a5 16. Qe1 Nxf2 17. Rxf2 c5 18. Nf3 Bf5 19. Kh1 h6 20. Rd2 Rad8 21. Rad1 d4 22. Qg3
Qd7 23. Nh4 Bh7 24. Rf1 f6 25. exf6 Rxf6 26. Nc1 Qxa4 27. Nd3 Rdf8 28. Ne5 Qb5 29.
Rdf2 Qxb2 30. Nd7 a4 31. Nxf8 Rxf8 32. c4 Qb4 33. f5 Rf6 34. Qe5 Qxc4 35. Qe8+ Rf8
36. Qe6+ Qxe6 37. fxe6 Re8 38. e7 Bd3 39. Rf8+ Kh7 40. Rxe8 Bxf1 41. Ra8 Bb5 42.
e8=Q Bxe8 43. Rxe8 d3 44. Rd8 c4 45. Nf3 a3 46. Ra8 c3 47. Rxa3 c2 48. Rc3 Be3 49.
Ne5 Bd4 50. Rxc7 Bxe5 51. Kg1 d2 52. Kf2 d1=Q  0-1

[Event "1. OEsterreichische Internet Schach Meisterschaft - Vorrunde 3"]
[Site "Online - Playchess.com"]
[Date ""]
[Round "1"]
[Board "4"]
[White "Schweda, Roland"]
[Black "Simon, Christopher"]
[Result "1-0"]
[WhiteElo "2449"]
[BlackElo "1824"]
[PlyCount "97"]
[EventDate "2020.04.17"]
[EventRounds "9"]
[EventCountry "AUT"]

1. d4 g6 2. c4 Nf6 3. Nc3 d5 4. cxd5 Nxd5 5. Bd2 Bg7 6. e4 Nxc3 7. Bxc3 O-O 8. Rc1
a6 9. Be2 Nc6 10. Nf3 Bg4 11. d5 Bxf3 12. Bxf3 Bxc3+ 13. Rxc3 Ne5 14. O-O c6 15.
dxc6 Nxc6 16. e5 Nxe5 17. Bxb7 Rb8 18. Bxa6 Rxb2 19. a4 Qa5 20. Qc1 Rb4 21. Bb5 Rd8
22. Rc7 Rb1 23. Qxb1 Qxc7 24. Qb4 Rb8 25. Re1 f6 26. Qb3+ Kg7 27. Qe6 Rb6 28. Qb3
Qc5 29. Qe3 Qxe3 30. Rxe3 Kf7 31. Rc3 Ke6 32. h3 h5 33. f4 Nd7 34. Re3+ Ne5 35. fxe5
fxe5 36. Ra3 Kf5 37. Be2 e4 38. a5 Rb1+ 39. Kf2 h4 40. a6 Kf4 41. Ra4 Rb8 42. a7
Ra8 43. Bf3 e5 44. Rxe4+ Kg5 45. Ra4 Rf8 46. a8=Q e4 47. Qxf8 e3+ 48. Ke1 e2 49.
Qf4#  1-0

[Event "1. OEsterreichische Internet Schach Meisterschaft - Vorrunde 3"]
[Site "Online - Playchess.com"]
[Date ""]
[Round "1"]
[Board "5"]
[White "Birklbauer, Toni"]
[Black "Schreiner, Peter"]
[Result "0-1"]
[WhiteElo "2034"]
[BlackElo "2440"]
[PlyCount "86"]
[EventDate "2020.04.17"]
[EventRounds "9"]
[EventCountry "AUT"]

1. d4 Nf6 2. Nf3 g6 3. c4 Bg7 4. Nc3 d5 5. cxd5 Nxd5 6. Qb3 Nxc3 7. bxc3 O-O 8. Ba3
b6 9. e3 Bb7 10. Be2 c5 11. O-O Qc7 12. Rfd1 Nd7 13. Rac1 e6 14. h3 Rfd8 15. Rd2
Nf6 16. Rdd1 Ne4 17. Nd2 Nf6 18. Nf3 Rac8 19. Qa4 Bc6 20. Qb3 Ne4 21. Nd2 Nxd2 22.
Rxd2 Qb7 23. f3 Bh6 24. c4 cxd4 25. Rcd1 Bxe3+ 26. Qxe3 dxe3 27. Rxd8+ Rxd8 28. Rxd8+
Kg7 29. Bf8+ Kf6 30. h4 Qc7 31. Rd6 h5 32. g4 hxg4 33. fxg4 Ke5 34. Rd1 Be4 35. Bg7+
Kf4 36. Rf1+ Kg3 37. Bh6 Kxh4 38. Bf4 e5 39. Bh2 f5 40. Rd1 f4 41. g5 Kxg5 42. c5
Qxc5 43. Rd5 Qxd5  0-1

[Event "1. OEsterreichische Internet Schach Meisterschaft - Vorrunde 3"]
[Site "Online - Playchess.com"]
[Date ""]
[Round "1"]
[Board "7"]
[White "Blohberger, Felix"]
[Black "Exler, Veronika"]
[Result "1-0"]
[WhiteElo "2448"]
[BlackElo "2155"]
[PlyCount "103"]
[EventDate "2020.04.17"]
[EventRounds "9"]
[EventCountry "AUT"]

1. e4 c6 2. Nf3 d5 3. Nc3 Nf6 4. e5 Ne4 5. Ne2 Qb6 6. d4 e6 7. Ng3 c5 8. c3 Nc6 9.
Bd3 Nxg3 10. hxg3 cxd4 11. cxd4 Bd7 12. Kf1 h6 13. b3 Be7 14. Bb2 Nb4 15. Be2 Bb5
16. a3 Nc6 17. g4 Bxe2+ 18. Kxe2 Qb5+ 19. Qd3 Qxd3+ 20. Kxd3 Kd7 21. b4 Rac8 22.
Rac1 a6 23. Bc3 Na7 24. Bd2 Rxc1 25. Rxc1 Rc8 26. Rxc8 Nxc8 27. g5 hxg5 28. Bxg5
Bxg5 29. Nxg5 f6 30. Nf3 Nb6 31. Nd2 Kc6 32. exf6 gxf6 33. g4 Nd7 34. f4 Nf8 35.
g5 fxg5 36. fxg5 Ng6 37. Ke3 Kd6 38. Nf3 b6 39. Kf2 a5 40. Kg3 axb4 41. axb4 e5 42.
dxe5+ Nxe5 43. Nxe5 Kxe5 44. Kf3 Kf5 45. Ke3 Kxg5 46. Kd4 Kf6 47. Kxd5 Ke7 48. Kc6
b5 49. Kxb5 Kd7 50. Kb6 Kc8 51. Ka7 Kc7 52. b5  1-0

[Event "1. OEsterreichische Internet Schach Meisterschaft - Vorrunde 3"]
[Site "Online - Playchess.com"]
[Date ""]
[Round "1"]
[Board "8"]
[White "Balint, Peter"]
[Black "Poetz, Florian"]
[Result "0-1"]
[WhiteElo "2105"]
[BlackElo "2422"]
[PlyCount "26"]
[EventDate "2020.04.17"]
[EventRounds "9"]
[EventCountry "AUT"]

1. e4 c5 2. Nf3 e6 3. d4 cxd4 4. Nxd4 a6 5. Nc3 Qc7 6. Be3 Bb4 7. Qd2 Nf6 8. Bd3
d5 9. f3 e5 10. Nf5 Bxf5 11. exf5 d4 12. O-O dxe3 13. Qxe3 Bc5  0-1

[Event "1. OEsterreichische Internet Schach Meisterschaft - Vorrunde 3"]
[Site "Online - Playchess.com"]
[Date ""]
[Round "1"]
[Board "9"]
[White "Schneider-Zinner, Harald"]
[Black "Egger, Stefanie"]
[Result "1-0"]
[WhiteElo "2381"]
[BlackElo "1442"]
[PlyCount "27"]
[EventDate "2020.04.17"]
[EventRounds "9"]
[EventCountry "AUT"]

1. d4 d5 2. c4 e6 3. Nf3 Nf6 4. g3 c5 5. cxd5 exd5 6. Bg2 Nc6 7. O-O Be6 8. Nc3 b6
9. Bg5 Be7 10. Ne5 Rc8 11. Qa4 Qc7 12. Bxf6 Bxf6 13. Nxd5 Bxe5 14. Nxc7+  1-0

[Event "1. OEsterreichische Internet Schach Meisterschaft - Vorrunde 3"]
[Site "Online - Playchess.com"]
[Date ""]
[Round "1"]
[Board "10"]
[White "Grosse, Manfred"]
[Black "Freitag, Manfred"]
[Result "0-1"]
[WhiteElo "1860"]
[BlackElo "2356"]
[PlyCount "66"]
[EventDate "2020.04.17"]
[EventRounds "9"]
[EventCountry "AUT"]

1. e4 e5 2. Nf3 Nc6 3. Bb5 a6 4. Ba4 Nf6 5. O-O b5 6. Bb3 Be7 7. Re1 O-O 8. c3 d6
9. h3 Na5 10. Bc2 d5 11. d3 dxe4 12. dxe4 Qxd1 13. Rxd1 Bb7 14. Re1 Bd6 15. Nbd2
Rfe8 16. Nf1 c5 17. Ng3 g6 18. Bg5 Kg7 19. Rad1 Rad8 20. b3 Nc6 21. Rd2 b4 22. cxb4
Nxb4 23. Bb1 Nc6 24. Rc1 Nd4 25. Ne1 h6 26. Be3 a5 27. Nc2 Nxe4 28. Na3 Nxd2 29.
Bxd2 e4 30. Nc4 Bxg3 31. fxg3 Ne2+ 32. Kh2 Rxd2 33. Nxd2 Nxc1  0-1

[Event "1. OEsterreichische Internet Schach Meisterschaft - Vorrunde 3"]
[Site "Online - Playchess.com"]
[Date ""]
[Round "1"]
[Board "11"]
[White "Huber, Martin Christian"]
[Black "Keim, Philipp"]
[Result "1-0"]
[WhiteElo "2341"]
[BlackElo "1926"]
[PlyCount "21"]
[EventDate "2020.04.17"]
[EventRounds "9"]
[EventCountry "AUT"]

1. Nf3 c6 2. c4 d5 3. e3 Nf6 4. Nc3 Bg4 5. h3 Bh5 6. g4 Bg6 7. cxd5 cxd5 8. Qa4+
Nc6 9. Ne5 Qb6 10. g5 Ne4 11. Nxd5  1-0

[Event "1. OEsterreichische Internet Schach Meisterschaft - Vorrunde 3"]
[Site "Online - Playchess.com"]
[Date ""]
[Round "1"]
[Board "12"]
[White "Alvir, Aco"]
[Black "Weichhart, Daniel"]
[Result "1/2-1/2"]
[WhiteElo "2338"]
[BlackElo "1648"]
[PlyCount "119"]
[EventDate "2020.04.17"]
[EventRounds "9"]
[EventCountry "AUT"]

1. e4 e5 2. Nf3 Nf6 3. d4 Nxe4 4. Bd3 d5 5. Nxe5 Bd6 6. O-O O-O 7. h3 f6 8. Nf3 Nc6
9. c4 Nb4 10. cxd5 Nxd3 11. Qxd3 Bf5 12. Qb3 b6 13. Nc3 Nxc3 14. bxc3 a5 15. Re1
a4 16. Qd1 Qd7 17. Re3 Rfe8 18. Qe2 Rxe3 19. Bxe3 Re8 20. c4 Bf4 21. Qd2 Bxe3 22.
fxe3 Be4 23. Rf1 c6 24. dxc6 Qxc6 25. Qc3 Rc8 26. a3 Bxf3 27. gxf3 Qxc4 28. Qxc4+
Rxc4 29. Rb1 Rc3 30. Kf2 Rb3 31. Rc1 Rxa3 32. Rc8+ Kf7 33. d5 Rd3 34. Rc7+ Kg6 35.
e4 a3 36. Ra7 b5 37. Ke2 Rc3 38. d6 Rc8 39. Rxa3 Rd8 40. Rd3 Kf7 41. Rd5 b4 42. Rb5
Rxd6 43. Rxb4 Kg6 44. Rb5 Ra6 45. h4 Ra2+ 46. Ke3 Rh2 47. f4 Rh3+ 48. Kd4 Rxh4 49.
Ke3 Rh3+ 50. Kf2 Ra3 51. Rc5 Ra4 52. Kf3 h5 53. Rb5 Ra3+ 54. Kf2 Ra2+ 55. Kf3 Ra1
56. e5 fxe5 57. Rxe5 Rf1+ 58. Kg3 h4+ 59. Kxh4 Rxf4+ 60. Kg3  1/2-1/2

[Event "1. OEsterreichische Internet Schach Meisterschaft - Vorrunde 3"]
[Site "Online - Playchess.com"]
[Date ""]
[Round "1"]
[Board "13"]
[White "Kuba, Guenther"]
[Black "Kern, Michael"]
[Result "1-0"]
[WhiteElo "2348"]
[BlackElo "1957"]
[PlyCount "71"]
[EventDate "2020.04.17"]
[EventRounds "9"]
[EventCountry "AUT"]

1. e4 d6 2. d4 Nf6 3. Nc3 Nbd7 4. g3 e5 5. Nge2 b5 6. Nxb5 Nxe4 7. Bg2 Bb7 8. O-O
a6 9. d5 axb5 10. Bxe4 Be7 11. Bg2 O-O 12. a3 Bf6 13. Nc3 b4 14. Ne4 bxa3 15. bxa3
Be7 16. c4 Nf6 17. Nc3 Nd7 18. Be3 Nc5 19. Bxc5 dxc5 20. d6 Bxg2 21. dxe7 Qxe7 22.
Kxg2 Rfd8 23. Qf3 Rab8 24. Nd5 Qd6 25. a4 c6 26. Ne3 Rb3 27. Rfd1 Qe7 28. Rxd8+ Qxd8
29. a5 Qd4 30. Rd1 Rd3 31. Rxd3 Qxd3 32. Qxc6 h6 33. a6 e4 34. a7 Qa3 35. a8=Q+ Qxa8
36. Qxa8+  1-0

[Event "1. OEsterreichische Internet Schach Meisterschaft - Vorrunde 3"]
[Site "Online - Playchess.com"]
[Date ""]
[Round "1"]
[Board "14"]
[White "Platzgummer, Fabian"]
[Black "Mayrhuber, Nikola"]
[Result "1/2-1/2"]
[WhiteElo "2336"]
[BlackElo "2025"]
[PlyCount "116"]
[EventDate "2020.04.17"]
[EventRounds "9"]
[EventCountry "AUT"]

1. Nf3 d5 2. g3 Nf6 3. Bg2 e6 4. O-O Be7 5. c4 O-O 6. b3 c5 7. cxd5 Nxd5 8. Bb2 Nc6
9. Nc3 Bf6 10. Rc1 Nce7 11. e4 Bxc3 12. dxc3 Nf6 13. Qc2 Qc7 14. Rfd1 Bd7 15. e5
Nfd5 16. c4 Nb4 17. Qb1 Rfd8 18. Ng5 Ng6 19. h4 h6 20. h5 Nf8 21. Ne4 Bc6 22. a3
Bxe4 23. Bxe4 Nc6 24. f4 Rac8 25. Kh2 Nd4 26. Bxd4 Rxd4 27. Rxd4 cxd4 28. Qd3 Rd8
29. b4 a5 30. c5 b6 31. Rc4 axb4 32. axb4 bxc5 33. bxc5 Qa5 34. c6 Qa2+ 35. Kh3 Qa7
36. g4 Qc7 37. Rxd4 Rc8 38. Rd6 Qb6 39. g5 hxg5 40. fxg5 Qg1 41. Qg3 Qc5 42. h6 Ra8
43. hxg7 Kxg7 44. Qf4 Ra3+ 45. Rd3 Rxd3+ 46. Bxd3 Qxc6 47. Be4 Qc3+ 48. Kg4 Qb2 49.
Qf6+ Kg8 50. g6 Qe2+ 51. Bf3 Qc4+ 52. Kg5 Nxg6 53. Kh6 Qc1+ 54. Kh5 Qc4 55. Bg4 Qe4
56. Bxe6 Qxe5+ 57. Qxe5 Nxe5 58. Bxf7+ Kxf7  1/2-1/2

[Event "1. OEsterreichische Internet Schach Meisterschaft - Vorrunde 3"]
[Site "Online - Playchess.com"]
[Date ""]
[Round "1"]
[Board "15"]
[White "Schroll, Gerhard"]
[Black "Andreatta, Ralph"]
[Result "1-0"]
[WhiteElo "2321"]
[BlackElo "1623"]
[PlyCount "57"]
[EventDate "2020.04.17"]
[EventRounds "9"]
[EventCountry "AUT"]

1. d4 d5 2. c4 e6 3. Nc3 Nf6 4. Nf3 b6 5. Bf4 a6 6. cxd5 Nxd5 7. Nxd5 exd5 8. e3
Nd7 9. Bd3 Nf6 10. O-O c5 11. dxc5 Bxc5 12. b4 Be7 13. Rc1 Bb7 14. Bc7 Qd7 15. Bxb6
O-O 16. a3 Ne4 17. Rc7 Qe6 18. Rxb7 Nc3 19. Qc2 Bf6 20. Bxh7+ Kh8 21. Bc5 Rfc8 22.
Nd4 Qe5 23. Bf5 Nb5 24. Rxf7 Nxd4 25. exd4 Qe8 26. Bg6 Qd8 27. Qf5 Bg5 28. h4 Bh6
29. Rf8+  1-0

[Event "1. OEsterreichische Internet Schach Meisterschaft - Vorrunde 3"]
[Site "Online - Playchess.com"]
[Date ""]
[Round "1"]
[Board "17"]
[White "Sadilek, Peter"]
[Black "Schernthaner, David"]
[Result "1-0"]
[WhiteElo "2340"]
[BlackElo "2220"]
[PlyCount "81"]
[EventDate "2020.04.17"]
[EventRounds "9"]
[EventCountry "AUT"]

1. d4 Nf6 2. Nf3 g6 3. c4 Bg7 4. Nc3 d5 5. Bf4 O-O 6. Rc1 c5 7. dxc5 dxc4 8. Qxd8
Rxd8 9. e4 Na6 10. e5 Ng4 11. c6 bxc6 12. Bxc4 Nb4 13. Ke2 Nd5 14. Bg3 Be6 15. Bb3
Nxc3+ 16. Rxc3 Bxb3 17. Rxb3 Rd5 18. Rc1 Nxe5 19. Bxe5 Bxe5 20. Rxc6 Bf6 21. g4 h6
22. Rb7 a5 23. h4 Rad8 24. a4 Kg7 25. Rcc7 R5d6 26. g5 Re6+ 27. Kf1 hxg5 28. hxg5
Rd1+ 29. Kg2 Be5 30. Rxe7 Rxe7 31. Rxe7 Bxb2 32. Ra7 Bc3 33. Rc7 Bb4 34. Ne5 Bd6
35. Rxf7+ Kg8 36. Rd7 Rd4 37. Nxg6 Rd5 38. Ne7+ Kf7 39. Nxd5+ Ke6 40. Nb6 Bc5 41.
Rb7  1-0

[Event "1. OEsterreichische Internet Schach Meisterschaft - Vorrunde 3"]
[Site "Online - Playchess.com"]
[Date ""]
[Round "1"]
[Board "18"]
[White "Heinemann, Stephan"]
[Black "Morgunov, Marc"]
[Result "0-1"]
[WhiteElo "1664"]
[BlackElo "2341"]
[PlyCount "66"]
[EventDate "2020.04.17"]
[EventRounds "9"]
[EventCountry "AUT"]

1. e4 c5 2. Nf3 d6 3. d4 cxd4 4. Qxd4 a6 5. Nc3 Nc6 6. Qd2 Nf6 7. Bd3 g6 8. O-O Bg7
9. h3 O-O 10. a3 b5 11. Ne2 Bb7 12. Ng3 h5 13. Rb1 Rc8 14. c3 Na5 15. Qc2 Nd7 16.
Bg5 Nc4 17. Nd2 Nde5 18. Kh1 a5 19. f4 Ne3 20. Qb3 Nxd3 21. Rf3 Nc5 22. Qa2 Nc4 23.
f5 Kh7 24. b3 Nxd2 25. Qxd2 Nxe4 26. Nxe4 Bxe4 27. Re1 Bxf3 28. gxf3 Bxc3 29. fxg6+
fxg6 30. Rxe7+ Qxe7 31. Bxe7 Bxd2 32. Bxf8 Rxf8 33. Kg2 h4  0-1

[Event "1. OEsterreichische Internet Schach Meisterschaft - Vorrunde 3"]
[Site "Online - Playchess.com"]
[Date ""]
[Round "1"]
[Board "19"]
[White "Schwabeneder, Alois"]
[Black "Leisch, Lukas"]
[Result "0-1"]
[WhiteElo "2004"]
[BlackElo "2362"]
[PlyCount "68"]
[EventDate "2020.04.17"]
[EventRounds "9"]
[EventCountry "AUT"]

1. e4 e6 2. d3 c5 3. g3 Nc6 4. Bg2 g6 5. c3 Bg7 6. Nf3 Nge7 7. Qe2 b6 8. O-O O-O
9. a4 Bb7 10. Na3 d5 11. Bg5 h6 12. Bxe7 Nxe7 13. exd5 Nxd5 14. d4 cxd4 15. Nxd4
Qe7 16. Rfd1 Rac8 17. Ndb5 Qg5 18. Qe4 Ba8 19. h4 Qf6 20. Qe2 a6 21. Nd6 Rcd8 22.
Ne4 Qe5 23. Qc2 Qc7 24. Rac1 f5 25. Nd2 e5 26. Ndc4 e4 27. Qb3 Kh7 28. Ne3 Nxe3 29.
fxe3 Qxg3 30. Qxb6 Rb8 31. Qd4 Bxd4 32. exd4 Rxb2 33. Rc2 Rxc2 34. Nxc2 e3  0-1

[Event "1. OEsterreichische Internet Schach Meisterschaft - Vorrunde 3"]
[Site "Online - Playchess.com"]
[Date ""]
[Round "1"]
[Board "21"]
[White "Mostbauer, Florian"]
[Black "Filek, Mattias"]
[Result "1-0"]
[WhiteElo "2309"]
[BlackElo "1932"]
[PlyCount "91"]
[EventDate "2020.04.17"]
[EventRounds "9"]
[EventCountry "AUT"]

1. c4 Nf6 2. g3 c6 3. Bg2 d5 4. Nf3 Bg4 5. Ne5 Bh5 6. Qb3 Nbd7 7. Nxd7 Qxd7 8. cxd5
cxd5 9. Nc3 e6 10. d4 Be7 11. O-O O-O 12. Bg5 h6 13. Bxf6 Bxf6 14. e3 Rac8 15. Rac1
b6 16. Rfe1 Be7 17. a3 Rc7 18. Nb5 Rxc1 19. Rxc1 Rc8 20. Rxc8+ Qxc8 21. Nc3 Qc4 22.
Qc2 Bg6 23. Qc1 a6 24. Bf1 Qc8 25. Qd2 b5 26. Na2 Qb7 27. Qc3 Be4 28. b4 h5 29. Be2
h4 30. f3 Bg6 31. Kg2 hxg3 32. hxg3 Bd6 33. Nc1 Qe7 34. Bd3 Qg5 35. f4 Qg4 36. Bxg6
Qxg6 37. Qd3 Qh5 38. Qe2 Qg6 39. Nd3 Qe4+ 40. Kh2 g5 41. Nc5 Qh7+ 42. Kg2 gxf4 43.
gxf4 Qg6+ 44. Kf2 Qf6 45. Qg4+ Kf8 46. Nd7+  1-0

[Event "1. OEsterreichische Internet Schach Meisterschaft - Vorrunde 3"]
[Site "Online - Playchess.com"]
[Date ""]
[Round "1"]
[Board "22"]
[White "Wimmer, Michael"]
[Black "Enoeckl, Philipp"]
[Result "0-1"]
[WhiteElo "1559"]
[BlackElo "2276"]
[PlyCount "144"]
[EventDate "2020.04.17"]
[EventRounds "9"]
[EventCountry "AUT"]

1. e4 e6 2. d4 d5 3. Nd2 Be7 4. Ngf3 Nf6 5. Bd3 c5 6. exd5 exd5 7. dxc5 O-O 8. O-O
Bxc5 9. c3 Nc6 10. Nb3 Bb6 11. Bg5 Qd6 12. h3 Re8 13. Re1 Rxe1+ 14. Qxe1 Bd7 15.
Qd2 Bc7 16. g3 Bxh3 17. Bf4 Qd8 18. Kh2 Bg4 19. Nh4 Ne4 20. Bxe4 dxe4 21. Qxd8+ Bxd8
22. Ng2 Be7 23. Re1 f5 24. Ne3 h5 25. Nd2 Rd8 26. Ndc4 b5 27. Ne5 Nxe5 28. Bxe5 Rd2
29. Nxg4 hxg4 30. Bd4 Rxb2 31. c4 Rd2 32. Be3 Rxa2 33. cxb5 Rb2 34. Ra1 Rxb5 35.
Rxa7 Bc5 36. Bxc5 Rxc5 37. Kg2 Kh7 38. Ra6 Rc2 39. Re6 g6 40. Re7+ Kh6 41. Re6 Kg5
42. Re5 Rc3 43. Re7 Kf6 44. Re8 Rc5 45. Ra8 Re5 46. Ra6+ Re6 47. Ra8 e3 48. fxe3
Rxe3 49. Kf2 Rf3+ 50. Kg2 Rb3 51. Ra6+ Kg5 52. Ra4 Rb2+ 53. Kf1 Rd2 54. Kg1 Kf6 55.
Ra5 g5 56. Rb5 f4 57. Rb6+ Kf5 58. Rb5+ Ke4 59. Rb4+ Ke3 60. Rb3+ Rd3 61. Rb8 Kf3
62. Rg8 Kxg3 63. Kf1 Kf3 64. Ke1 Rd5 65. Re8 g3 66. Re2 g4 67. Rc2 Re5+ 68. Kf1 g2+
69. Rxg2 Re1+ 70. Kxe1 Kxg2 71. Ke2 f3+ 72. Ke3 f2  0-1

[Event "1. OEsterreichische Internet Schach Meisterschaft - Vorrunde 3"]
[Site "Online - Playchess.com"]
[Date ""]
[Round "1"]
[Board "23"]
[White "Neuschmied, Siegfried"]
[Black "Steindl, Johannes"]
[Result "0-1"]
[WhiteElo "2268"]
[BlackElo "2278"]
[PlyCount "152"]
[EventDate "2020.04.17"]
[EventRounds "9"]
[EventCountry "AUT"]

1. e4 e5 2. Nf3 Nc6 3. d4 exd4 4. Nxd4 Bc5 5. Nb3 Bb6 6. Nc3 Nge7 7. Qe2 O-O 8. Be3
d6 9. O-O-O f5 10. f4 fxe4 11. Nxe4 Qe8 12. Kb1 Qg6 13. Nf2 Bd7 14. g3 Rae8 15. Bxb6
axb6 16. Qd2 Bf5 17. Bc4+ Kh8 18. Rde1 Ng8 19. Bd3 Nf6 20. Bxf5 Qxf5 21. Qd3 Qxd3
22. Nxd3 Kg8 23. Kc1 Kf7 24. a3 Ng4 25. h3 Ne3 26. Rh2 h5 27. Rhe2 Nc4 28. Nd2 b5
29. Rxe8 Rxe8 30. Rxe8 Kxe8 31. Nf3 Kf7 32. Kd1 Ne7 33. Ke2 Nf5 34. Kf2 g6 35. g4
hxg4 36. hxg4 Nh6 37. Ng5+ Ke7 38. Kf3 Nd2+ 39. Ke2 Nc4 40. Kf3 c5 41. Ne4 b6 42.
Nef2 Ng8 43. Nd1 Nf6 44. N3f2 d5 45. Ke2 Ke6 46. Kf3 d4 47. Ne4 Ne8 48. Ng3 Ned6
49. Ne4 Nxe4 50. Kxe4 Nd6+ 51. Kf3 Kd5 52. Nf2 c4 53. Ke2 Ne8 54. Kf3 Nf6 55. Nh3
Ne4 56. f5 gxf5 57. gxf5 Nd6 58. Kf4 c3 59. bxc3 dxc3 60. Nf2 Nc4 61. Ne4 Nxa3 62.
Nxc3+ Kd6 63. Nxb5+ Nxb5 64. Kg5 Nd4 65. f6 Nxc2 66. Kg6 Nd4 67. f7 Ne6 68. Kf6 b5
69. Kf5 b4 70. Ke4 Kc5 71. Kd3 Nf8 72. Kc2 Kc4 73. Kb2 b3 74. Kb1 Kc3 75. Kc1 Ne6
76. Kb1 b2  0-1

[Event "1. OEsterreichische Internet Schach Meisterschaft - Vorrunde 3"]
[Site "Online - Playchess.com"]
[Date ""]
[Round "1"]
[Board "24"]
[White "Horvath, Maria"]
[Black "Postl, Anton"]
[Result "0-1"]
[WhiteElo "1995"]
[BlackElo "2290"]
[PlyCount "46"]
[EventDate "2020.04.17"]
[EventRounds "9"]
[EventCountry "AUT"]

1. d4 Nf6 2. Nf3 g6 3. c4 Bg7 4. Nc3 d6 5. e4 O-O 6. Be2 e5 7. O-O Nbd7 8. d5 a5
9. Ne1 Nc5 10. f3 Nh5 11. Nd3 b6 12. b3 f5 13. a3 Nf4 14. Nxf4 exf4 15. Bb2 fxe4
16. fxe4 Nxe4 17. Qc2 Nxc3 18. Bxc3 Bxc3 19. Qxc3 Qf6 20. Qd2 Bd7 21. b4 axb4 22.
axb4 Rxa1 23. Rxa1 Qxa1+  0-1

[Event "1. OEsterreichische Internet Schach Meisterschaft - Vorrunde 3"]
[Site "Online - Playchess.com"]
[Date ""]
[Round "1"]
[Board "25"]
[White "Belke, Frank"]
[Black "Kepplinger, Lukas"]
[Result "1-0"]
[WhiteElo "2273"]
[BlackElo "2014"]
[PlyCount "25"]
[EventDate "2020.04.17"]
[EventRounds "9"]
[EventCountry "AUT"]

1. d4 d5 2. c4 c6 3. Nf3 Nf6 4. Nc3 dxc4 5. a4 Bf5 6. Ne5 Nbd7 7. Nxc4 Qc7 8. Qd2
e5 9. dxe5 Nxe5 10. Qf4 Be6 11. Qxe5 Qd7 12. e4 O-O-O 13. Bf4  1-0

[Event "1. OEsterreichische Internet Schach Meisterschaft - Vorrunde 3"]
[Site "Online - Playchess.com"]
[Date ""]
[Round "1"]
[Board "27"]
[White "Pedevilla, Luis"]
[Black "Perhinig, Robert"]
[Result "0-1"]
[WhiteElo "1650"]
[BlackElo "2252"]
[PlyCount "90"]
[EventDate "2020.04.17"]
[EventRounds "9"]
[EventCountry "AUT"]

1. e4 e6 2. d4 d5 3. Nc3 Bb4 4. exd5 exd5 5. Bd3 c6 6. Nge2 Bg4 7. f3 Bh5 8. O-O
Ne7 9. a3 Bd6 10. Bf4 Bg6 11. Bxd6 Qxd6 12. Ng3 Nd7 13. Re1 O-O 14. Rb1 Rfe8 15.
Qd2 b5 16. Na2 a5 17. Re2 Kf8 18. Rd1 Nb6 19. Qg5 h6 20. Qh4 Bxd3 21. Rxd3 Ng6 22.
Rxe8+ Rxe8 23. Qg4 Nc4 24. b4 Ne3 25. Qh5 Nf4 26. Qh4 Nxd3 27. cxd3 Nd1 28. Qg4 Re1+
29. Nf1 Rxf1+ 30. Kxf1 Ne3+ 31. Kg1 Nxg4 32. fxg4 Qf4 33. h3 Qxd4+ 34. Kh2 Qb2 35.
bxa5 Qxa2 36. a6 Qxa3 37. a7 Qxa7 38. d4 Qxd4 39. g5 hxg5 40. g4 Qf2+ 41. Kh1 d4
42. h4 d3 43. hxg5 d2 44. g6 f6 45. g5 d1=Q#  0-1

[Event "1. OEsterreichische Internet Schach Meisterschaft - Vorrunde 3"]
[Site "Online - Playchess.com"]
[Date ""]
[Round "1"]
[Board "28"]
[White "Breneis, Lukas"]
[Black "Haemmerle, Dietmar"]
[Result "1-0"]
[WhiteElo "2257"]
[BlackElo "1762"]
[PlyCount "53"]
[EventDate "2020.04.17"]
[EventRounds "9"]
[EventCountry "AUT"]

1. e4 e6 2. Qe2 d5 3. exd5 Qxd5 4. Nc3 Qd6 5. Nf3 Nf6 6. d4 Be7 7. Bg5 h6 8. Bh4
O-O 9. O-O-O c6 10. Bg3 Qd8 11. Ne5 Nbd7 12. f4 b5 13. Nxc6 Qe8 14. Qf3 Nd5 15. Nxd5
exd5 16. Re1 Nf6 17. Nxe7+ Kh7 18. Bd3+ g6 19. Nxg6 Qd8 20. Nxf8+ Kg7 21. Bh4 Kxf8
22. Bxb5 Bg4 23. Bxf6 Qxf6 24. Qxg4 Qxd4 25. Qd7 Qxf4+ 26. Kb1 Rb8 27. Rhf1  1-0

[Event "1. OEsterreichische Internet Schach Meisterschaft - Vorrunde 3"]
[Site "Online - Playchess.com"]
[Date ""]
[Round "1"]
[Board "29"]
[White "Prinz, Hubert"]
[Black "Peyrer, Konstantin"]
[Result "0-1"]
[WhiteElo "1956"]
[BlackElo "2286"]
[PlyCount "86"]
[EventDate "2020.04.17"]
[EventRounds "9"]
[EventCountry "AUT"]

1. d4 Nf6 2. Nf3 g6 3. e3 Bg7 4. Bd3 d6 5. O-O O-O 6. Nbd2 c5 7. c3 Nc6 8. e4 e5
9. d5 Ne7 10. c4 h6 11. h3 g5 12. Nh2 Ng6 13. Be2 Nf4 14. Bg4 Nxg4 15. Nxg4 f5 16.
exf5 Bxf5 17. Ne3 Bd3 18. Re1 Qf6 19. Nf3 e4 20. Ng4 Qf7 21. Nd2 Rae8 22. Nf1 h5
23. Ngh2 Nxh3+ 24. gxh3 Qxf2+ 25. Kh1 Qh4 26. Re3 Be5 27. Qe1 Rf2 28. Bd2 g4 29.
Rxd3 exd3 30. Be3 g3 31. Bxf2 gxf2 32. Qd1 Bxh2 33. Nxh2 Re1+ 34. Kg2 Rxd1 35. Rxd1
Qe4+ 36. Kxf2 Qe2+ 37. Kg1 Qxd1+ 38. Kg2 d2 39. Nf3 Qe2+ 40. Kg3 d1=Q 41. b4 Qxf3+
42. Kh4 Qd4+ 43. Kg5 Qdf6#  0-1